000 00737nam a22001817a 4500
003 UA-OsUOA
001 12907
007 ta
008 20050601b un ||||| |||| 00| 0 ukr d
100 _aБондаренко О.
942 _cSA
040 _aUA-OsUOA
_cUA-OsUOA
_dUA-OsUOA
245 _aІз Дніпропетровська до Сарн - за досвідом
_b[Освітяни з Дніпропетров. обл. відвідали Сарнен. р-н з метою обміну досвідом із питань управл. діяльн. та метод. роботи]
300 _aС.2
955 _a0
773 0 _w0
_tВісті Рівненщини
_dРівне
_d2005
_g№39/27 трав./
650 7 _aДосвід
_2UDC
999 _c299068
_d299068